000 01201cam a22002411i 4500
003 SA-RiAUC
005 20251130141807.0
008 251127s1998 su g t 000r0 ara c
040 _aSA-JeALM
_bara
_cSA-RiAUC
_erda
082 0 4 _a221.06
090 _a221.06
_bم ج م
110 2 _aمجمع الملك فهد لطباعة المصحف الشريف
_eمؤلف.
245 1 2 _aالتقرير السنوي لمجمع الملك فهد لطباعة المصحف الشريف لعام 1418 هـ /
_cمجمع الملك فهد لطباعة المصحف الشريف.
264 1 _aالمدينة المنورة :
_bمجمع خادم الحرمين الشريفين الملك فهد لطباعة المصحف الشريف،
_c1998
300 _a64 صفحة ؛
_c29 سم
336 _aنص
_btxt
_2rdacontent
_3كتاب
337 _aبدون وسيط
_bn
_2rdamedia
338 _aمجلد
_bnc
_2rdacarrier
610 2 7 _aمجمع خادم الحرمين الشريفين الملك فهد لطباعة المصحف الشريف (المدينة المنورة)
_vتقارير
_2aucnm
650 7 _aطباعة المصاحف
_2aucsh
942 _2ddc
_cBOOK
_n0
949 _aSA-JeALM
_d251127
_umohamedma123
_n1
999 _c13413
_d13413